Jed pro kralevice : hazardní hra Jana Lucemburského /

Main Author: Jindra, Jaromír, 1949-
Other Authors: Drbohlav, Jan, 1968-, Valenta, Radek, 1976-
Language: Czech
Published: [Praha] : Témbr, 2022
Physical Description: 1 audiodisk (10 hod., 8 min.) ; 12 cm
Audio
Saved in:
LEADER 02189nim a2200613 i 4500
001 001818284
003 CZ BrMZK
005 20220615110018.0
007 sd fungnnmmned
008 220317t20222022xr nnnng f n cze
015 |a cnb003402238 
024 3 |a 8596434012686 
040 |a BOA001  |b cze  |e rda 
043 |a e-xr--- 
045 |a r-r- 
072 7 |a 821.162.3-3  |x Česká próza  |2 Konspekt  |9 25 
080 |a 821.162.3-31  |2 MRF 
080 |a 929.731  |2 MRF 
080 |a 94(437.3)  |2 MRF 
080 |a (437.3)  |2 MRF 
080 |a (0:82-311.6)  |2 MRF 
080 |a (086.7)08  |2 MRF 
080 |a (086.76)  |2 MRF 
100 1 |a Jindra, Jaromír,  |d 1949-  |7 jn20000401239  |4 aut 
245 1 0 |a Jed pro kralevice :  |b hazardní hra Jana Lucemburského /  |c Jaromír Jindra 
246 3 0 |a Hazardní hra Jana Lucemburského 
264 1 |a [Praha] :  |b Témbr,  |c 2022 
264 4 |c ©2022 
300 |a 1 audiodisk (10 hod., 8 min.) ;  |c 12 cm 
306 |a 100800 
336 |a mluvené slovo  |b spw  |2 rdacontent 
337 |a audio  |b s  |2 rdamedia 
338 |a audiodisk  |b sd  |2 rdacarrier 
344 |a digital  |b optical  |2 rda 
347 |a audio soubor  |b MP3  |2 rda 
500 |a Název z disku 
500 |a Podle stejnojmenné knihy vydané nakladatelstvím Euromedia Group, a.s. - v edici Brána 
508 |a Režie Jan Drbohlav 
511 0 |a Čte Radek Valenta 
600 3 7 |a Lucemburkové (rod)  |7 jx20060403056  |2 czenas 
600 0 7 |a Karel  |b IV.,  |c český král a římský císař,  |d 1316-1378  |7 jk01053000  |2 czenas 
648 7 |a 14. století  |7 ch460552  |2 czenas 
650 0 7 |a panovníci  |7 ph117250  |z Česko  |y 14. století  |2 czenas 
651 7 |a Česko  |7 ge128065  |x dějiny  |y 14. století  |2 czenas 
655 7 |a české romány  |7 fd133974  |2 czenas 
655 7 |a historické romány  |7 fd132414  |2 czenas 
655 7 |a audioknihy  |7 fd119452  |2 czenas 
655 7 |a kompaktní disky  |7 fd201991  |2 czenas 
700 1 |a Drbohlav, Jan,  |d 1968-  |7 xx0057821  |4 drt 
700 1 |a Valenta, Radek,  |d 1976-  |7 jx20041116035  |4 nrt 
910 |a BOA001  |b CDR-1483.691 
990 |a AV 
991 |b 202206  |c NOV 
996 6 |b 2610898266  |c CDR-1483.691  |l MZK  |r Sklad / do 24 hodin  |n 1  |p p.v.  |w 001882614  |u 000010  |a 1  |e BOA001  |j MZK50  |s P